00509nam a2200181Ia 4500008004100000020001800041082000800059100003000067245002000097250000600117260003200123300001000155500002400165650002400189942000700213952009000220999001700310230524s9999 xx 000 0 und d a9789351776451 bKAL aA.P.J. Abdul Kalam941784 0aAdvantage India a1 aNoidabHarper Collinsc2015 a203p; aQuantity Number: 1 aMisalliance 941785 cBK 00104070aTATCLbTATCLcGENd2023-05-24l0o KALp53447r2023-05-24w2023-05-24yBK c56215d56215